000
00339nam a2200145Ia 4500
008
150201s2011 xx 000 0 und d
082
_a
617
_b
M11G
100
_a
GARLANI, A.K.
245
_a
MANUAL OF CLINICAL SURGERY
250
_a
1ST
260
_b
CBS
_a
DELHI
_c
2011
300
_a
1-667
650
_a
GENERAL SURGERY
942
_2
ddc
_c
BK
_0
3
999
_c
1381
_d
1381